000 00373nam a2200145Ia 4500
005 20250729165738.0
008 250729s2014 xx 000 0 und d
041 _aeng
082 _a370.25 MISH
100 _aR C Mishra
_9231965
245 _aHealth and Nutration Eduction
260 _aNew Delhi
_bA P H PUBLISHING
_c2014
300 _a306p
650 _aEducation
_9231966
999 _c239546
_d239546